[Event "Forchheim op-B 13th"]
[Site "Forchheim"]
[Date "2014.10.04"]
[Round "4"]
[White "Rieck, Timo"]
[Black "Reichel, Guenther"]
[Result "1-0"]
[WhiteElo "1760"]
[BlackElo "1742"]
[PlyCount "51"]
[EventDate "2014.10.03"]
[EventType "swiss"]
[EventRounds "5"]
[EventCountry "GER"]
[SourceTitle "EXT 2019"]
[Source "ChessBase"]
[SourceDate "2018.10.10"]
[SourceVersion "1"]
[SourceVersionDate "2018.10.10"]
[SourceQuality "1"]

1. c4 e6 2. Nc3 f5 3. g3 Nf6 4. Bg2 Nc6 5. e3 Bb4 6. Nge2 0-0 7. 0-0 Qe8 8. f4 a6 9. a3 Bc5 10. b4 Ba7 11. h3 Ne7 12. b5 d5 13. bxa6 c6 14. axb7 Bxb7 15. cxd5 cxd5 16. d4 Ba6 17. Rf2 Ne4 18. Nxe4 fxe4 19. Bd2 Nf5 20. g4 Nh4 21. Ng3 Bd3 22. Bb4 Rf7 23. Bd6 Bb8 24. Bxb8 Qxb8 25. Bf1 Nf3+ 26. Rxf3 1-0

[Event "Hohenloher op 10th"]
[Site "Forchtenberg"]
[Date "2003.06.21"]
[Round "5"]
[White "Meduna, Eduard"]
[Black "Rieck, Timo"]
[Result "0-1"]
[WhiteElo "900"]
[BlackElo "1651"]
[PlyCount "36"]
[EventDate "2003.06.19"]
[EventType "swiss"]
[EventRounds "7"]
[EventCountry "GER"]
[SourceTitle "EXT 2004"]
[Source "ChessBase"]
[SourceDate "2003.11.25"]
[SourceVersion "1"]
[SourceVersionDate "2003.11.25"]
[SourceQuality "1"]

1. e4 e5 2. Nf3 Nc6 3. Bc4 Nf6 4. d3 Bc5 5. 0-0 d6 6. Nc3 Bg4 7. h3 Bh5 8. Qe2 Nd4 9. Qd1 Bxf3 10. gxf3 Nh5 11. Be3 Nf4 12. Bxf4 exf4 13. Re1 Qh4 14. e5 Qxh3 15. Bd5 Nf5 16. Bxb7 Ng3 17. exd6+ Kd8 18. Bxa8 Qh1# 0-1

[Event "Hohenloher op 10th"]
[Site "Forchtenberg"]
[Date "2003.06.20"]
[Round "4"]
[White "Rieck, Timo"]
[Black "Unterkoffler, Thomas"]
[Result "0-1"]
[WhiteElo "1651"]
[BlackElo "1821"]
[PlyCount "66"]
[EventDate "2003.06.19"]
[EventType "swiss"]
[EventRounds "7"]
[EventCountry "GER"]
[SourceTitle "EXT 2004"]
[Source "ChessBase"]
[SourceDate "2003.11.25"]
[SourceVersion "1"]
[SourceVersionDate "2003.11.25"]
[SourceQuality "1"]

1. f4 d5 2. b3 Nf6 3. Bb2 e6 4. Nf3 c5 5. e3 Nc6 6. Be2 Be7 7. h3 Ne4 8. 0-0 0-0 9. Bd3 f5 10. Bxe4 dxe4 11. Nh2 Bf6 12. Bxf6 Qxf6 13. Nc3 b6 14. g4 Ba6 15. g5 Qe7 16. Rf2 Rad8 17. h4 Rd6 18. Ne2 Rfd8 19. Nf1 g6 20. Neg3 Kg7 21. h5 e5 22. Nxf5+ gxf5 23. Ng3 Rf8 24. fxe5 Qxe5 25. h6+ Kh8 26. Rf4 Rg6 27. Nxe4 Rfg8 28. Nf2 Rxg5+ 29. Kh2 R8g6 30. Nh3 Rxh6 31. d4 Nxd4 32. Qh1 Rxh3+ 33. Kxh3 Qxe3+ 0-1

[Event "Hohenloher op 10th"]
[Site "Forchtenberg"]
[Date "2003.06.19"]
[Round "2"]
[White "Rieck, Timo"]
[Black "Denk, Juergen"]
[Result "0-1"]
[WhiteElo "1651"]
[BlackElo "1841"]
[PlyCount "64"]
[EventDate "2003.06.19"]
[EventType "swiss"]
[EventRounds "7"]
[EventCountry "GER"]
[SourceTitle "EXT 2004"]
[Source "ChessBase"]
[SourceDate "2003.11.25"]
[SourceVersion "1"]
[SourceVersionDate "2003.11.25"]
[SourceQuality "1"]

1. f4 c5 2. b3 Nc6 3. Bb2 d5 4. Nf3 Nf6 5. e3 Bg4 6. Bb5 Qc7 7. d3 Qa5+ 8. Nc3 d4 9. exd4 cxd4 10. Nxd4 Bxd1 11. Nxc6 bxc6 12. Bxc6+ Nd7 13. Bxa8 Bh5 14. 0-0 e6 15. Na4 Bd6 16. Bxg7 Rg8 17. Bc3 Qc7 18. Bd2 Ke7 19. Be4 f5 20. Bf3 Bxf3 21. Rxf3 Qxc2 22. Rf2 Qxd3 23. Rc1 Nf6 24. Rc3 Qd5 25. Nb2 Bc5 26. Be3 Bxe3 27. Rxe3 Ng4 28. Rg3 Rc8 29. Nc4 Qd4 30. Rgf3 Nxf2 31. Rxf2 Rxc4 32. bxc4 Qxc4 0-1

[Event "BEM-ch U18"]
[Site "Tamm"]
[Date "2000.01.22"]
[Round "1"]
[White "Rieck, Timo"]
[Black "Schneider, Benjamin"]
[Result "1-0"]
[WhiteElo "1607"]
[BlackElo "1592"]
[PlyCount "60"]
[EventDate "2000.01.22"]
[EventType "swiss"]
[EventRounds "5"]
[EventCountry "GER"]
[SourceTitle "EXT 2003"]
[Source "ChessBase"]
[SourceDate "2002.11.25"]
[SourceVersion "1"]
[SourceVersionDate "2002.11.25"]
[SourceQuality "1"]

1. f4 Nc6 2. Nf3 d5 3. b3 Bg4 4. e3 e5 5. h3 Bxf3 6. Qxf3 e4 7. Qf2 Qf6 8. Nc3 0-0-0 9. Rb1 Bb4 10. Bb2 Qg6 11. g4 f5 12. Be2 Nge7 13. Rg1 Qf7 14. Na4 Rhg8 15. a3 Bd6 16. c4 dxc4 17. Bxc4 Nd5 18. gxf5 Qxf5 19. Rg5 Qxg5 20. fxg5 Rgf8 21. Bxd5 Rxf2 22. Kxf2 Bg3+ 23. Kxg3 Rxd5 24. Kf4 Rxd2 25. Bxg7 Nd8 26. Kxe4 Rh2 27. Rb2 Rxh3 28. Nc5 h6 29. g6 Rh4+ 30. Kf3 Rh5 1-0